Open Data Biblioteca Nacional de Portugal


República Portuguesa: Ministério da Cultura
Biblioteca Nacional de Portugal

Catálogo da BNP: acesso por Identificadores Unívocos
Registos Bibliográficos associados ao registo de autoridade

Etiqueta de registo: 00254nam 2200025 450
001 2120557
003 http://id.bnportugal.gov.pt/bib/catbnp/2120557
010 ## $a978-972-20-7512-1
021 ## $aPT$b499888/22
100 ## $a20230113d2023 c y0pory01030103ba
101 1# $apor
102 ## $aPT
105 ## $aa z 000yy
106 ## $ar
200 1# $aCorpo humano$ftrad. Sara Wunderly Gomes
205 ## $a1ª ed
210 #9 $aAlfragide$cDom Quixote,$d2023
215 ## $a24 p.$cil.$d20 cm
675 ## $a087.5$vBN$zpor$3287999
675 ## $a611/612(0.053.5)$vBN$zpor$31424523
702 #1 $aGomes,$bSara Wunderly$4730$31869243
801 #0 $aPT$bBN$gRPC
856 41 $uhttp://rnod.bnportugal.gov.pt/ImagesBN/winlibimg.aspx?skey=&doc=2120557&img=173344&save=true
900 ## $aBIBNAC$d20230208
966 ## $lBN$mFGMON$sP. 27121 P.$x1
966 ## $lBN$mFGMON$sP. 27121 P.-D$x1
971 ## $cfatima$d20230113
972 ## $e2$z0$d20230208$vasantos
973 ## $csteixeira$d20230116

Etiqueta de registo: 00254nam 2200025 450
001 2285649
003 http://id.bnportugal.gov.pt/bib/catbnp/2285649
010 ## $a978-972-20-8767-4
021 ## $aPT$b5560097/25
100 ## $a20260504d2026 c y0pory01030103ba
101 1# $apor
102 ## $aPT
105 ## $aa z 000fy
106 ## $ar
200 1# $aBrinquedos em ação!$fNicholas Aumais$gtrad. Sara Wunderly Gomes
205 ## $a1ª ed
210 #9 $aLisboa$cDom Quixote,$d2026
215 ## $a1 kit de materiais$cil.$d26 cm
700 #1 $aAumais,$bNicholas$31958554
702 #1 $aGomes,$bSara Wunderly$4730$31869243
801 #0 $aPT$bBN$gRPC
966 ## $lBN$mFGMON$x1
966 ## $lBN$mFGMON$x1
971 ## $cisantos$d20260504

OpendataBNP@bnportugal.pt | Mais informação sobre acesso aos dados BNP